Projektování automatizace v hospodářském řízení

Gespeichert in:
Bibliographische Detailangaben
Format: Buch
Sprache:Tschechisch
Veröffentlicht: Praha Státní pedagogické nakladatelství 1975
Ausgabe:4. vyd.
Tags: Tag hinzufügen
Keine Tags, Fügen Sie das erste Tag hinzu!

MARC

LEADER 00000nam a2200000 4500
001 c120520
005 20260323075211.7
041 0 |a cze 
044 |a CZ 
245 1 0 |a Projektování automatizace v hospodářském řízení  |c Jiří Škabrada 
250 |a 4. vyd. 
264 1 |a Praha  |b Státní pedagogické nakladatelství  |c 1975 
300 |a 157 s.